Statistics for 5 Largest cities in Alabama

Click here to take the quiz!

General Stats

  • This quiz has been taken 11 times
  • The average score is 4 of 5

Answer Stats

Rank Answer % Correct
1Birmingham
100%
2Montgomery
91%
4Mobile
82%
3Huntsville
73%
5Tuscaloosa
73%

Score Distribution

Percentile by Number Answered

Percent of People with Each Score

Your Score History

You have not taken this quiz